000 00905nmm a2200289 a 4500
001 ocm000785949
003 TR-IsHL
005 20201028143446.0
008 140412s2013 tu eng
007 cr cn
020 _a9781304547507
035 _a785949
_b(N$T)
050 0 4 _aPR4034.E4
_bA978 2013
090 0 4 _aPR4034.E4
_bA978 2013
100 1 _aAusten, Jane
245 1 0 _aEmma
_h[electronic resource] /
_cJane Austen
260 _aİstanbul :
_bE-Kitap Projesi,
_c2013
300 _a298 p.
650 4 _aDil ve Edebiyat
650 4 _aLanguage and Literature
650 0 _aİngiliz edebiyatı
650 0 _aEnglish literature
650 0 _aİngiliz romanı
650 0 _aEnglish fiction
650 7 _aLITERARY COLLECTIONS / European / English, Irish, Scottish, Welsh
_2bisacsh
856 4 0 _uhttp://search.ebscohost.com/login.aspx?direct=true&scope=site&db=e011xww&AN=785949
999 _c8908
_d8908